[Event "50th World Juniors"]
[Site "Chennai IND"]
[Date "2011.08.06"]
[Round "5.30"]
[White "Kulkarni,R"]
[Black "Narayanan,Sri"]
[Result "0-1"]
[WhiteElo "2231"]
[BlackElo "2371"]

1.e4 c5 2.c3 Nf6 3.e5 Nd5 4.Nf3 e6 5.d4 cxd4 6.cxd4 d6 7.Bc4 Nb6 8.Bb3 dxe5
9.Nxe5 Nc6 10.Nxc6 bxc6 11.O-O Be7 12.Nc3 O-O 13.Be3 Ba6 14.Re1 Bc4 15.Bc2 Nd5
16.Rc1 Nxc3 17.bxc3 Qd5 18.Bf4 g6 19.Re5 Qd7 20.Bh6 Rfd8 21.Qf3 c5 22.Rd1 cxd4
23.Rxd4 Qc7 24.Qe3 Bxa2 25.Rg4 Bb1 26.Ba4 Rab8 27.h3 Bf5 28.Rd4 Rb1+ 29.Kh2 Rxd4
30.cxd4 f6 31.Bf4 fxe5 32.Bxe5 Bd6  0-1

[Event "50th World Juniors"]
[Site "Chennai IND"]
[Date "2011.08.06"]
[Round "5.23"]
[White "Patil,Pr2"]
[Black "Petenyi,T"]
[Result "1-0"]
[WhiteElo "2141"]
[BlackElo "2398"]

1.e4 c5 2.c3 Nf6 3.e5 Nd5 4.d4 cxd4 5.Nf3 e6 6.cxd4 b6 7.Bc4 Bb7 8.O-O Qc7
9.Qe2 d6 10.Bd2 Be7 11.Rc1 Qd8 12.Bxd5 Bxd5 13.Nc3 dxe5 14.Nxd5 exd5 15.Qb5+ Nd7
16.Nxe5 a6 17.Qc6 Ra7 18.Qxd5 Nxe5 19.Qxd8+ Bxd8 20.dxe5 Rc7 21.Be3 Rxc1+
22.Rxc1 Kd7 23.f4 f6 24.Rd1+ Ke7 25.exf6+ gxf6 26.Kf2 Ke6 27.Kf3 h5 28.Rd3 b5
29.Rc3 Kd7 30.Ke4 Rg8 31.g3 h4 32.gxh4 Rg2 33.Rd3+ Ke8 34.Rd2 Rg4 35.Bf2 Rg2
36.Kf3 Rxh2 37.Rd1 f5 38.Kg3 Rxf2 39.Rxd8+  1-0

[Event "20th ZDMI Open A"]
[Site "Dresden GER"]
[Date "2011.08.06"]
[Round "1"]
[White "Fruebing,T"]
[Black "Shankland,S"]
[Result "0-1"]
[WhiteElo "2187"]
[BlackElo "2539"]

1.e4 c5 2.c3 Nf6 3.e5 Nd5 4.d4 e6 5.Nf3 cxd4 6.cxd4 d6 7.Bd3 dxe5 8.dxe5 Nb4
9.Be4 Qxd1+ 10.Kxd1 N8a6 11.a3 Nc5 12.Nc3 Nxe4 13.Nxe4 Nd5 14.Nd4 Bd7 15.Bg5 h6
16.Bh4 Rc8 17.Rc1 Rxc1+ 18.Kxc1 Nf4 19.Bg3 Nd3+ 20.Kc2 Nc5 21.Nc3 Be7 22.b4 Na4
23.Ne4 O-O 24.Rc1 Nb6 25.Nc5 Bxc5 26.bxc5 Rc8 27.Kb3 Nd5 28.Kb2 Bc6 29.Kb3 Kf8
30.a4 a6 31.h4 Ke7 32.Bh2 h5 33.g3 Kd7 34.Bg1 Kc7 35.f4 Ne7 36.Rc3 Rd8 37.Bf2 Be4
38.Rc1 Nc6 39.Kc3 Rd5 40.Nxc6 Rd3+ 41.Kc4 Kxc6 42.Rb1 Ra3 43.Rb6+ Kc7 44.Rd6 Rxa4+
45.Kb3 Ra1 46.Bd4 Rb1+ 47.Bb2 Bd5+ 48.Kc2 Be4+ 49.Kb3 a5 50.Ka2 a4 51.Rd4 Re1
52.Bc3 Re2+ 53.Rd2 Bd5+ 54.Kb2 Re3 55.f5 a3+ 56.Kc2 Be4+ 57.Kb3 a2  0-1

[Event "Olomouc FIDE Open"]
[Site "Olomouc CZE"]
[Date "2011.08.06"]
[Round "3.7"]
[White "Rydl,Jiri"]
[Black "Ageichenko,G"]
[Result "0-1"]
[WhiteElo "2007"]
[BlackElo "2356"]

1.e4 c5 2.c3 Nf6 3.e5 Nd5 4.Bc4 Nb6 5.Bb3 d5 6.exd6 e6 7.d4 Bxd6 8.dxc5 Bxc5
9.Qxd8+ Kxd8 10.Nd2 Bd7 11.Ngf3 f6 12.Ne4 Na6 13.O-O Ke7 14.Bc2 Rac8 15.b3 Nd5
16.Bd3 Kf7 17.Bd2 Be7 18.b4 Ba4 19.b5 Nc5 20.Nxc5 Bxc5 21.c4 Nb6 22.Be3 Rhd8
23.Be2 Bc2 24.Rfc1 Bd3 25.Rd1 Bxe2 26.Rxd8 Rxd8 27.Bxc5 Bxc4 28.h3 Bxb5 29.Bxb6 axb6
30.Rb1 Bc6 31.Rxb6 e5 32.Rb2 Rd1+ 33.Kh2 Ke6 34.Ng1 Rd3 35.Ne2 Kd6 36.Nc1 Rd1
37.Nb3 b6 38.Nd2 b5 39.Nb3 Bd5 40.Nd2 Kc5 41.Nb1 Rc1 42.a3 Bc4 43.Nd2 Kd4
44.Nb1 Rd1 45.Rb4 Rd3 46.a4 Kc5 47.Rb2 bxa4 48.Rb7 Ba2 49.Ra7 Bxb1 50.Rxa4 Rd7
51.Ra5+ Kd6 52.Ra6+ Ke7 53.f3 f5 54.Ra5 Ke6 55.Ra6+ Rd6 56.Ra1 Bd3 57.Ra7 Kf6
58.Kg3 g5 59.Kf2 h5 60.Rh7 Kg6 61.Rh8 e4 62.Rg8+ Kf6 63.Rf8+ Ke5 64.Re8+ Re6
65.Rd8 h4 66.Rg8 Kf4 67.fxe4 Bxe4 68.Rb8 Rc6 69.Rb3 Rc2+ 70.Kf1 Bxg2+ 71.Kg1 Bf3  0-1

[Event "Olomouc FIDE Open"]
[Site "Olomouc CZE"]
[Date "2011.08.06"]
[Round "3.5"]
[White "Kowalczyk,R"]
[Black "Jasny,S"]
[Result "1/2-1/2"]
[WhiteElo "2085"]
[BlackElo "2366"]

1.e4 c5 2.c3 Nf6 3.e5 Nd5 4.d4 cxd4 5.Nf3 Nc6 6.Bc4 Nb6 7.Bb3 d6 8.exd6 Qxd6
9.Na3 a6 10.O-O e6 11.cxd4 Be7 12.Be3 Nd5 13.Nc4 Qd8 14.Rc1 O-O 15.Qe2 Bd7
16.Rfd1 Na5 17.Nxa5 Qxa5 18.Ne5 Ba4 19.Bxa4 Qxa4 20.Qc4 Qxc4 21.Rxc4 Rfc8
22.Rdc1 Rxc4 23.Rxc4 Kf8 24.Kf1 Ke8 25.Ke2 Bd6 26.Nd3 b6 27.Kf3 f6 28.Nf4 Bxf4
29.Bxf4 Kd7 30.Ke4 Rc8 31.Rxc8 Kxc8 32.Bd2 Kd7 33.f3 f5+ 34.Kd3 Kc6 35.b3 Nf6
36.Kc4 g6 37.Bg5 Nd5 38.Bd2 Nc7 39.Bf4 Nb5 40.a4 Nd6+ 41.Bxd6 Kxd6 42.f4  1/2-1/2

[Event "Split Open"]
[Site "Split CRO"]
[Date "2011.08.06"]
[Round "2.3"]
[White "Barrenechea Bahamonde,G"]
[Black "Kuljasevic,D"]
[Result "1-0"]
[WhiteElo "2196"]
[BlackElo "2555"]

1.e4 c5 2.c3 Nf6 3.e5 Nd5 4.d4 cxd4 5.Nf3 e6 6.cxd4 b6 7.Nc3 Nxc3 8.bxc3 Qc7
9.Bd2 d6 10.Bd3 Bb7 11.O-O Nd7 12.Bf4 Be7 13.Re1 h6 14.Rc1 Rd8 15.Qe2 O-O
16.Qe3 dxe5 17.Nxe5 Nxe5 18.Bxe5 Bd6 19.f4 Qe7 20.Qg3 Bxe5 21.Rxe5 Qa3 22.Rf1 Rc8
23.Re3 Qxa2 24.f5 exf5 25.Rxf5 Rxc3 26.Rf1 Kh8 27.h3 Rcc8 28.Kh2 Rce8 29.Rf2 Qd5
30.Ref3 Re7 31.Rxf7  1-0

[Event "Split Open"]
[Site "Split CRO"]
[Date "2011.08.06"]
[Round "2.29"]
[White "Vrankovic,M"]
[Black "Susak,Z"]
[Result "0-1"]
[WhiteElo "1654"]
[BlackElo "2190"]

1.e4 c5 2.c3 Nf6 3.e5 Nd5 4.d4 cxd4 5.Nf3 e6 6.Nxd4 Qc7 7.f4 a6 8.Be2 d6
9.O-O Nc6 10.Nxc6 bxc6 11.Kh1 dxe5 12.fxe5 Qxe5 13.Qd3 Be7 14.Qf3 O-O 15.Nd2 Ne3
16.Nc4 Nxc4 17.Bxc4 Bb7 18.Bf4 Qc5 19.Bd3 f5 20.Rae1 Rf6 21.Bg5 Rf7 22.Be3 Qd5
23.Bd4 c5 24.Be4 Qxe4 25.Rxe4 Bxe4 26.Qe3 cxd4 27.cxd4 Bf6 28.Qb3 Bd5 29.Qa4 Rc7
30.b3 Rc2  0-1

[Event "15th HZ Open"]
[Site "Vlissingen NED"]
[Date "2011.08.06"]
[Round "9"]
[White "Etxagibel Larranaga,A"]
[Black "Van Eijk,Maurice"]
[Result "1/2-1/2"]
[WhiteElo "2017"]
[BlackElo "1839"]

1.e4 c5 2.c3 Nf6 3.e5 Nd5 4.d4 cxd4 5.cxd4 d6 6.Nf3 Nc6 7.Bc4 Nb6 8.Bb3 Bg4
9.Bxf7+ Kxf7 10.Ng5+ Ke8 11.Qxg4 dxe5 12.Nxh7 Qd6 13.Nxf8 Rxf8 14.O-O Nxd4
15.Nc3 Nd5 16.Nxd5 Qxd5 17.Be3 Rd8 18.b3 Rd6 19.Rac1 Rff6 20.Rc8+ Kf7 21.Bxd4 Rg6
22.Qh3 exd4 23.g3 Rh6 24.Qg2 Qxg2+  1/2-1/2

[Event "15th HZ Open"]
[Site "Vlissingen NED"]
[Date "2011.08.06"]
[Round "9"]
[White "Sveshnikov,V"]
[Black "Brown,An"]
[Result "1/2-1/2"]
[WhiteElo "2407"]
[BlackElo "2202"]

1.e4 c5 2.c3 Nf6 3.e5 Nd5 4.d4 cxd4 5.cxd4 d6 6.Nf3 Nc6 7.Bc4 e6 8.O-O Be7
9.Qe2 O-O 10.Qe4 Ndb4 11.exd6 Qxd6 12.Bf4 Qd8 13.Nc3 Na5 14.Be2 f5 15.Qb1 b6
16.a3 Nd5 17.Nxd5 Qxd5 18.Bg5 Bxg5 19.Nxg5 Qd8 20.Bf3 Rb8 21.b4 Nc4 22.Qc1 b5
23.Qf4 Rb6 24.Be2 h6 25.Nf3 g5 26.Qc1 Bb7 27.Rd1 Qd5 28.Ne1 Rc8 29.Bf3 Qd7
30.Bxb7 Qxb7 31.Nd3 Qd5 32.Nc5 a5 33.h4 Kh7 34.h5 a4 35.Rd3 Rd6 36.Qe1 Rcd8
37.Qe2 e5 38.dxe5 Qxe5 39.Qxe5 Nxe5 40.Rxd6 Rxd6 41.Re1 Nc4 42.Re7+ Kg8 43.Ne6 Nxa3
44.Rg7+ Kh8 45.Rg6 Nc2 46.Rxh6+ Kg8 47.Rg6+ Kh8 48.Rh6+ Kg8 49.Rg6+ Kh8 50.Rh6+  1/2-1/2

[Event "FSGM August"]
[Site "Budapest HUN"]
[Date "2011.08.07"]
[Round "2"]
[White "Rodriguez Lopez,Ra"]
[Black "Baghdasaryan,V"]
[Result "0-1"]
[WhiteElo "2292"]
[BlackElo "2289"]

1.e4 c5 2.c3 Nf6 3.e5 Nd5 4.d4 cxd4 5.cxd4 e6 6.Nc3 Nxc3 7.bxc3 Qc7 8.Bd2 d6
9.f4 b6 10.Nf3 Be7 11.Bd3 a5 12.Qe2 d5 13.O-O Ba6 14.Bxa6 Nxa6 15.Qb5+ Qd7
16.Qxb6 O-O 17.Qb1 a4 18.Qd3 Nc7 19.Rab1 Rab8 20.Rxb8 Rxb8 21.Rb1 Rxb1+ 22.Qxb1 Nb5
23.Qd3 Na3 24.Bc1 Qb5 25.Qxb5 Nxb5 26.Bb2 a3 27.Ba1 Bd8 28.Nd2 g5 29.g3 gxf4
30.gxf4 Ba5 31.Nb1 Kg7 32.Kf2 Kg6 33.Ke3 Kf5 34.Kd3 Kxf4 35.c4 dxc4+ 36.Kxc4 Nc7
37.Nxa3 h5 38.Kd3 Kf3 39.Nc4 Be1 40.Nd6 Kg2 41.Ke2 Bb4 42.Nxf7 Kxh2 43.Kf3 h4
44.Kg4 Be7 45.Nh8 h3 46.Ng6 Nd5 47.Nxe7 Nxe7 48.Kg5 Kg3 49.Kf6 Nd5+ 50.Kxe6 h2
51.Kxd5 h1=Q+ 52.Ke6 Qxa1 53.d5 Kf4 54.d6 Qxe5+  0-1

[Event "Pays de Charleroi Open"]
[Site "Charleroi BEL"]
[Date "2011.08.07"]
[Round "9"]
[White "Laurent,B"]
[Black "Rooze,J"]
[Result "1/2-1/2"]
[WhiteElo "2365"]
[BlackElo "2363"]

1.e4 c5 2.c3 Nf6 3.e5 Nd5 4.d4 cxd4 5.Nf3 e6 6.cxd4 d6 7.Bc4 Nc6 8.O-O Be7
9.exd6 Qxd6 10.Nc3 O-O 11.Re1 Rd8 12.Bb3 Nf6 13.Nb5 Qb4 14.a4 Qa5 15.Bf4 Rd7
16.Ne5 Nxe5 17.Bxe5 a6 18.Nc3 Rd8 19.Qf3 Qb4 20.Ne4 Nd7 21.Bc7 Rf8 22.d5 exd5
23.Bxd5 Nf6 24.Nxf6+ Bxf6 25.a5 Bd7 26.Bxb7 Rae8 27.Rf1  1/2-1/2

[Event "16th Creon Open"]
[Site "Creon FRA"]
[Date "2011.08.07"]
[Round "9.31"]
[White "Ballan,G"]
[Black "Savalle,Al"]
[Result "1/2-1/2"]
[WhiteElo "1966"]
[BlackElo "1805"]

1.e4 c5 2.c3 Nf6 3.e5 Nd5 4.d4 cxd4 5.Bc4 Nb6 6.Bb3 Nc6 7.Nf3 g6 8.cxd4 Bg7
9.Nc3 O-O 10.O-O d6 11.Bf4 Bg4 12.Re1 dxe5 13.dxe5 Qb8 14.Nd5 Nxd5 15.Bxd5 Bxe5
16.Bxe5 Nxe5 17.Bxb7 Bxf3 18.Bxf3 Nxf3+ 19.gxf3 Qxb2 20.Rxe7 Qf6 21.Re3 Rfd8
22.Qe1 Rd5 23.Rd1 Rg5+ 24.Kh1 Rc8 25.Rc1 Rb8 26.Qc3 Qxc3 27.Rexc3 Rb2 28.R3c2 Rgb5
29.Kg2 Kg7  1/2-1/2

[Event "16th Creon Open"]
[Site "Creon FRA"]
[Date "2011.08.07"]
[Round "9.36"]
[White "Vandervorst,M"]
[Black "Brouat,T"]
[Result "1-0"]
[WhiteElo "1882"]
[BlackElo "1739"]

1.e4 c5 2.c3 Nf6 3.e5 Nd5 4.Nf3 e6 5.d4 cxd4 6.cxd4 d6 7.Nc3 Nxc3 8.bxc3 Nc6
9.Bb5 Bd7 10.O-O dxe5 11.Bxc6 Bxc6 12.Nxe5 Bd5 13.c4 Be4 14.Qa4+ Ke7 15.Ba3+ Kf6
16.Nd7+ Kg6 17.Nxf8+ Rxf8 18.Bxf8 Qxf8 19.Rae1 Bd3 20.Re3 Bxf1 21.Kxf1 h5
22.Qc2+ Kh6 23.Rh3 g6 24.g4 Kg7 25.gxh5 Qd6 26.hxg6 Qxd4  1-0

[Event "112th US Open"]
[Site "Orlando USA"]
[Date "2011.08.07"]
[Round "9"]
[White "Battaglini,G"]
[Black "Zepeda,L"]
[Result "1-0"]
[WhiteElo "2407"]
[BlackElo "2187"]

1.e4 c5 2.c3 Nf6 3.e5 Nd5 4.d4 cxd4 5.cxd4 d6 6.f4 Nc6 7.Nc3 dxe5 8.fxe5 Bf5
9.a3 e6 10.Nf3 Be7 11.Bd3 Bg4 12.O-O O-O 13.h3 Bh5 14.g4 Nxc3 15.bxc3 Bg6
16.Bxg6 hxg6 17.Ra2 Rc8 18.Raf2 Na5 19.Qd3 Nc4 20.h4 Qd5 21.Bg5 Bxg5 22.hxg5 Rfd8
23.Rh2 Kf8 24.Nh4 Ke8 25.Rhf2 Rc7 26.Ng2 Nxe5 27.Qg3 Nxg4 28.Qxc7 Nxf2 29.Rxf2 Rd7
30.Qb8+ Rd8 31.Qxa7 Qxg5 32.Qxb7 Rd7 33.Qc8+ Rd8 34.Qc6+ Kf8 35.Qxe6 Qc1+
36.Kh2 Qh6+ 37.Qh3 Qxh3+ 38.Kxh3 Ra8 39.Ra2 Rc8 40.a4 Rxc3+ 41.Kh2 Ke7 42.a5 Rc7
43.a6 Ra7 44.Ne3 Kd6 45.Ra5 Kc6 46.d5+ Kb6 47.Nc4+ Kc7 48.Rc5+ Kd7 49.Nb6+ Kd6
50.Rc6+ Ke5 51.d6  1-0

[Event "Stilwerk Masters"]
[Site "Vienna AUT"]
[Date "2011.08.07"]
[Round "5"]
[White "Feuerstack,A"]
[Black "Van Oosterom,C"]
[Result "1-0"]
[WhiteElo "2421"]
[BlackElo "2408"]

1.e4 c5 2.c3 Nf6 3.e5 Nd5 4.Nf3 e6 5.Bc4 d6 6.d4 cxd4 7.cxd4 Nb6 8.Bd3 Nc6
9.O-O dxe5 10.dxe5 Nb4 11.Be4 Qxd1 12.Rxd1 N4d5 13.a4 a5 14.Nc3 Nxc3 15.bxc3 Bd7
16.Bxb7 Rb8 17.Be4 Bc5 18.Bc2 O-O 19.Ng5 h6 20.Ne4 Rfc8 21.Ra2 Nd5 22.Rb2 Rxb2
23.Bxb2 Ba7 24.g3 Bc6 25.Nd6 Rb8 26.Nc4 g6 27.Rb1 Rc8 28.Nxa5 Ba8 29.Bd3 Nxc3
30.Rc1 Bd4 31.Bc4 Bd5 32.Bxc3 Bxc3 33.Rxc3 Rc5 34.Bxd5 Rxc3 35.Be4 Rc5 36.Nb3 Rc4
37.f3 Rxa4 38.Nc5 Ra2 39.Nd3 Kg7 40.g4 g5 41.Nb4 Ra5 42.Nc6 Ra2 43.Bd3 Rd2
44.Nb4 Rb2 45.Nc6 Rd2 46.Be4 Ra2 47.h3 Rb2 48.Na5 Ra2 49.Nc4 Kf8 50.Bd3 Kg7
51.Kf1 Rh2 52.Nd6 h5 53.gxh5 Rxh3 54.Kg2 Rxh5 55.Ne8+ Kf8 56.Nf6 Rh8 57.Kg3 Kg7
58.Kg4 Kh6 59.Ne4 Rd8 60.Nd6 f5+ 61.Kg3 Ra8 62.Bc4 f4+ 63.Kg4 Ra1 64.Bxe6 Rg1+
65.Kf5 g4 66.Kxf4 gxf3 67.Kxf3 Kg7 68.Nf5+ Kg6 69.Ke4 Re1+ 70.Kd5 Kg5 71.Ne7 Rd1+
72.Kc5 Kf4 73.Ng6+ Ke4 74.Bf7 Kf5 75.e6 Kf6 76.Nf4 Rf1 77.Nd5+ Kg7 78.Bh5  1-0

[Event "Sakkozo Magyarok World Meeting"]
[Site "Lakitelek HUN"]
[Date "2011.08.08"]
[Round "3.5"]
[White "Dolnik,A"]
[Black "Csuri,S"]
[Result "1-0"]
[WhiteElo "2169"]
[BlackElo "2043"]

1.e4 c5 2.c3 Nf6 3.e5 Nd5 4.d4 cxd4 5.Nf3 Nc6 6.Bc4 Nb6 7.Bb3 d5 8.exd6 Qxd6
9.O-O Bf5 10.cxd4 Rd8 11.Nc3 a6 12.Re1 Na5 13.Bxf7+ Kxf7 14.Re5 e6 15.Rxa5 Nc4
16.Rxf5+ exf5 17.Qd3 Nb6 18.Qxf5+ Qf6 19.Qa5 Be7 20.Ne4 Qc6 21.Ne5+  1-0

[Event "20th Poznan Open"]
[Site "Poznan POL"]
[Date "2011.08.08"]
[Round "3.11"]
[White "Wesolowska,K"]
[Black "Dzwikowski,A"]
[Result "1/2-1/2"]
[WhiteElo "1739"]
[BlackElo "2013"]

1.e4 c5 2.c3 Nf6 3.e5 Nd5 4.d4 e6 5.Nf3 cxd4 6.Qxd4 Nc6 7.Qe4 Qc7 8.Bc4 f5
9.Qe2 Nde7 10.O-O Ng6 11.Re1 Ncxe5 12.Nxe5 Nxe5 13.Bxe6 dxe6 14.Qxe5 Qxe5
15.Rxe5 Kf7 16.Nd2 Bd7 17.Re1 Bc6 18.Nc4 Be4 19.f3 Bd5 20.Ne5+ Kg8 21.c4 Bb4
22.Re2 Bc6 23.Nxc6 bxc6 24.Rxe6 Kf7 25.Rxc6 Rhe8 26.Bf4 Re2 27.a3 Be1 28.Bg3 Bxg3
29.hxg3 Rd8 30.Kh2 Rdd2 31.Rg1 Rxb2 32.Rc7+ Re7 33.Rxe7+ Kxe7 34.Re1+ Kd6
35.c5+ Kxc5 36.Re5+ Kb6 37.Rxf5 a5 38.Rf7 Ra2 39.Rxg7 Rxa3 40.Rxh7 Rc3 41.g4 a4
42.g5 a3 43.Kg3 Rc1 44.Rh8 a2 45.Ra8 a1=Q 46.Rxa1 Rxa1 47.g6 Kc5 48.f4 Kd5
49.Kg4 Ke6 50.Kg5 Ra5+ 51.Kh6 Kf6 52.g4 Ra6 53.Kh7 Ra7+ 54.Kh6 Ra6 55.Kh7 Ra7+
56.Kh6  1/2-1/2

[Event "Arad Open A"]
[Site "Arad ROU"]
[Date "2011.08.09"]
[Round "6.2"]
[White "Murariu,A"]
[Black "Stanciu,Al"]
[Result "1-0"]
[WhiteElo "2499"]
[BlackElo "2369"]

1.e4 c5 2.c3 Nf6 3.e5 Nd5 4.d4 cxd4 5.Nf3 Nc6 6.cxd4 d6 7.Bc4 Nb6 8.Bb5 Bd7
9.exd6 e6 10.a3 Bxd6 11.Nc3 O-O 12.O-O Rc8 13.Bd3 h6 14.Re1 Bb8 15.Bb1 Ne7
16.Ne5 Be8 17.Qd3 f5 18.Ba2 Rf6 19.Nf3 Ned5 20.Bd2 Bc6 21.Ne5 Bxe5 22.Rxe5 Nxc3
23.bxc3 Be4 24.Qe2 Bd5 25.Bxd5 exd5 26.Re1 Nc4 27.Re7 Qb6 28.Bf4 Rcf8 29.Qf3 Qb5
30.a4 Qa5 31.Rxb7 a6 32.Bc7 Qxa4 33.Qxd5+ Kh7 34.Rb4 Re8 35.Rf1  1-0

[Event "9th ch-EU Youth U14"]
[Site "Mureck AUT"]
[Date "2011.08.09"]
[Round "7"]
[White "Nussbaumer,Vincent"]
[Black "Correia,J"]
[Result "0-1"]
[WhiteElo "1868"]
[BlackElo "1684"]

1.e4 c5 2.c3 Nf6 3.e5 Nd5 4.d4 cxd4 5.Nf3 d6 6.exd6 Qxd6 7.Bc4 e6 8.Nxd4 a6
9.Nd2 b5 10.Bb3 Bb7 11.O-O Be7 12.a4 Nc6 13.N2f3 b4 14.c4 Nf6 15.h3 Rd8 16.Be3 O-O
17.Qc2 Rd7 18.Rad1 Qc7 19.Rfe1 Na5 20.Ba2 Be4 21.Qc1 Rc8 22.b3 e5 23.Ne2 Bxf3
24.gxf3 Rcd8 25.f4 exf4 26.Bxf4 Qb7 27.Ng3 Bc5 28.Nf5 Qf3 29.Rxd7 Rxd7 30.Bg3 Qxf5
31.Re5 Qf3 32.Kh2 Rd1 33.Rxc5 g6 34.Qxd1 Qxd1 35.Rxa5 Qc2 36.c5 Qxa2 37.c6 Qxb3
38.Rxa6 Nd5 39.Be5 f6 40.c7 Nxc7 41.Bxc7 Qc2 42.Bg3 b3 43.Ra8+ Kg7 44.Ra7+ Kh6
45.h4 b2 46.Bf4+ g5 47.hxg5+ fxg5 48.Ra6+ Kh5  0-1

[Event "29th World Junior Girls"]
[Site "Chennai IND"]
[Date "2011.08.10"]
[Round "8.16"]
[White "Krumova,A"]
[Black "Tsatsalashvili,K"]
[Result "0-1"]
[WhiteElo "1961"]
[BlackElo "2318"]

1.e4 c5 2.c3 Nf6 3.e5 Nd5 4.d4 cxd4 5.Nf3 e6 6.cxd4 d6 7.a3 Nc6 8.Bd3 g6
9.O-O Bg7 10.Qe2 O-O 11.Qe4 Qc7 12.Re1 Bd7 13.Nbd2 f6 14.exf6 Rxf6 15.Nf1 Raf8
16.Bg5 Rxf3 17.gxf3 Nxd4 18.Nd2 Bc6 19.Qg4 e5 20.Be3 Nf6 21.Qh3 Bd7 22.Qg2 Nh5
23.Bxd4 Nf4 24.Bc4+ Kh8 25.Qg3 exd4 26.Re7 Qd8 27.Rae1 d3 28.Kh1 d5 29.Ba2 h6
30.Qh4 g5 31.Qg3 Bf6 32.R7e3 Bxb2 33.Bxd5 Qa5 34.Nc4 Qxd5 35.Nxb2 d2 36.Rd1 Bf5
37.h4 Bc2 38.hxg5 Bxd1 39.Nxd1 hxg5 40.Re7 Rf7 41.Rxf7 Qxf7 42.Qg4 Qh7+ 43.Kg1 Qh3
44.Qxh3+ Nxh3+ 45.Kg2 Nf4+ 46.Kg3 Kg7 47.Kg4 Kf6 48.Ne3 b5 49.Nd1 a5 50.Nc3 Kg6
51.Nd1 b4  0-1

[Event "50th World Juniors"]
[Site "Chennai IND"]
[Date "2011.08.10"]
[Round "8.24"]
[White "Gahan,M"]
[Black "Shyam,N"]
[Result "1-0"]
[WhiteElo "2188"]
[BlackElo "2398"]

1.e4 c5 2.c3 Nf6 3.e5 Nd5 4.d4 cxd4 5.cxd4 d6 6.Nf3 e6 7.a3 Nd7 8.Bd3 Qc7
9.O-O Be7 10.Re1 dxe5 11.dxe5 Nc5 12.Bc2 a5 13.Bg5 O-O 14.Nbd2 h6 15.Bxe7 Qxe7
16.Ne4 Rd8 17.Qe2 Bd7 18.Rac1 Nxe4 19.Qxe4 g6 20.h4 Bc6 21.Nd4 Rac8 22.h5 Be8
23.hxg6 fxg6 24.Qg4 Rc4 25.Rcd1 h5 26.Qxe6+ Bf7 27.Qxe7 Nxe7 28.Nf5 Rxd1
29.Nxe7+ Kf8 30.Nxg6+ Bxg6 31.Bxd1 Rc1 32.Kf1 Rb1 33.Bf3 Rxb2 34.Rc1 b5 35.Rc8+ Ke7
36.Rc7+ Kd8 37.Rg7 Bd3+ 38.Ke1 Bc4 39.Bxh5 Rb1+ 40.Kd2 Rb2+ 41.Ke3 Rb3+ 42.Kf4 Rxa3
43.Kf5 Ra1 44.Kf6 Rh1 45.Bg6 Re1 46.Bf5 a4 47.e6 Kc8 48.Rg3 Kc7 49.e7 b4
50.Rg4 Bb5 51.Rxb4 Be8 52.Rc4+ Kd6 53.Rd4+ Kc5 54.Rd8 Bc6 55.Be6  1-0

[Event "20th ZMDI Open A"]
[Site "Dresden GER"]
[Date "2011.08.10"]
[Round "5.25"]
[White "Fruebing,T"]
[Black "Mueller,Fab"]
[Result "0-1"]
[WhiteElo "2187"]
[BlackElo "2314"]

1.e4 c5 2.c3 Nf6 3.e5 Nd5 4.d4 cxd4 5.cxd4 e6 6.Nf3 d6 7.Bc4 Nc6 8.a3 Be7
9.O-O O-O 10.Re1 Bd7 11.b4 Rc8 12.Qb3 a5 13.Bxd5 exd5 14.b5 a4 15.Qxd5 Be6
16.Qe4 Na5 17.exd6 Bf6 18.Bf4 Nb3 19.Nbd2 Nxa1 20.Rxa1 Qb6 21.h4 Qxb5 22.Rb1 Bb3
23.Be5 Qd5 24.Qf4 Bc2 25.Re1 Bxe5 26.dxe5 Rcd8 27.Nc4 b5 28.Ne3 Qe4 29.Qg3 Qg6
30.Ng5 h6 31.Nd5 Qd3 32.Ne7+ Kh8 33.Nf3 Qxa3 34.Qf4 Qa2 35.g4 a3 36.h5 Qc4
37.Qg3 a2 38.Nd2 Qd3 39.Qf4 Bb1 40.g5 a1=Q 41.gxh6 Qh7 42.hxg7+ Qxg7+ 43.Kh2 Rg8
44.Ng6+  0-1

[Event "Sakkozo Magyarok World Meeting"]
[Site "Lakitelek HUN"]
[Date "2011.08.10"]
[Round "6.7"]
[White "Varadi,L"]
[Black "Kemeny,C"]
[Result "1/2-1/2"]
[WhiteElo "2149"]
[BlackElo "2054"]

1.e4 c5 2.c3 Nf6 3.e5 Nd5 4.d4 cxd4 5.Nf3 Nc6 6.cxd4 d6 7.Bc4 Nb6 8.Bb5 dxe5
9.Nxe5 Bd7 10.Bxc6 Bxc6 11.Nxc6 bxc6 12.O-O g6 13.Bf4 Bg7 14.Be5 Bxe5 15.dxe5 Qxd1
16.Rxd1 Nc4 17.f4 Nxb2 18.Rd2 Na4 19.Na3 Nb6 20.Rc1 Rc8 21.Nc4 O-O 22.Nxb6 axb6
23.Rd7 c5 24.Rxe7 Rfd8 25.Rb7 Rd4 26.g3 Rd2 27.a4 c4 28.Rxb6 c3 29.Rd6 Rb2
30.a5 Rc5 31.a6 Ra5 32.Rc6 Raa2 33.R6xc3  1/2-1/2

[Event "50th World Juniors"]
[Site "Chennai IND"]
[Date "2011.08.11"]
[Round "9.24"]
[White "Patil,Pr2"]
[Black "Janev,T"]
[Result "1/2-1/2"]
[WhiteElo "2141"]
[BlackElo "2349"]

1.e4 c5 2.c3 Nf6 3.e5 Nd5 4.d4 cxd4 5.Nf3 e6 6.cxd4 d6 7.Bc4 Nb6 8.Bd3 Bd7
9.O-O Bc6 10.Qe2 N8d7 11.Nc3 Be7 12.Bf4 dxe5 13.dxe5 Nd5 14.Nxd5 Bxd5 15.Rfd1 O-O
16.Rac1 Rc8 17.Rxc8 Qxc8 18.Ng5 Bxg5 19.Bxg5 Nxe5 20.Qxe5 f6 21.Bxf6 Rxf6
22.Be4 Qc5 23.Qd4 Qxd4 24.Rxd4 Bxe4 25.Rxe4 Rf5 26.Rxe6 Rc5 27.g3 Rc2 28.Re8+ Kf7
29.Ra8 a6 30.b3 Rxa2 31.Ra7 Kg6 32.Rxb7 a5 33.Kg2 a4 34.bxa4 Rxa4 35.Rb2 h6
36.h3 h5 37.h4 Kh6 38.f4 Ra6 39.Rb3 g6 40.Kf3 Re6 41.Re3 Rb6 42.Ke4 Rb5 43.Rd3 Ra5
44.Kd4 Rb5 45.Kc4 Ra5 46.Kb4 Rf5 47.Rd7 Rf8 48.Kc5 Rc8+ 49.Kd4 Rc6 50.Rd5 Ra6
51.Ke5 Ra3 52.f5 gxf5 53.Kf4 Ra4+ 54.Kxf5 Rg4  1/2-1/2

[Event "23rd Jirasek Mem GM"]
[Site "Rakovnik CZE"]
[Date "2011.08.11"]
[Round "7.4"]
[White "Wasserbauer,R"]
[Black "Sergeev,Vl"]
[Result "0-1"]
[WhiteElo "2145"]
[BlackElo "2522"]

1.e4 c5 2.c3 Nf6 3.e5 Nd5 4.d4 cxd4 5.Bc4 Nb6 6.Bb3 d5 7.exd6 Qxd6 8.cxd4 Be6
9.Nc3 Bxb3 10.Qxb3 e6 11.Nge2 Nc6 12.Bf4 Qd7 13.Rd1 Na5 14.Qc2 Be7 15.O-O O-O
16.Qe4 Rad8 17.b3 Nc6 18.Rd3 Nb4 19.Rh3 g6 20.Bh6 Rfe8 21.Qe5 f6 22.Qe4 N6d5
23.Rd1 f5 24.Qb1 Bf6 25.Nxd5 Nxd5 26.Rhd3 Rc8 27.Bf4 Qg7 28.Qb2 Rc6 29.Rc1 Nxf4
30.Nxf4 Bxd4 31.Qd2 Rxc1+ 32.Qxc1 Qe5 33.Qd2 Bb6 34.g3 Re7 35.h4 Kf7 36.Nh3 Kg7
37.Rd7 Qxg3+  0-1

[Event "20th ZMDI Open A"]
[Site "Dresden GER"]
[Date "2011.08.12"]
[Round "7.18"]
[White "Zumsande,M"]
[Black "Jaracz,B"]
[Result "1-0"]
[WhiteElo "2434"]
[BlackElo "2265"]

1.e4 c5 2.c3 Nf6 3.e5 Nd5 4.d4 cxd4 5.Nf3 Nc6 6.cxd4 d6 7.Bc4 Nb6 8.Bb5 Bd7
9.exd6 e6 10.Bg5 Qb8 11.Nc3 Bxd6 12.Bd3 h6 13.Be3 Nb4 14.Bb1 Bc6 15.h3 Nc4
16.O-O Nd5 17.Qe2 Ncb6 18.Ne4 Bf4 19.a3 a6 20.Bd3 O-O 21.Rac1 Nd7 22.Rfe1 N7f6
23.Nc5 Qd6 24.Bc4 Rac8 25.Nd3 Nxe3 26.fxe3 Bg3 27.Nf2 Be4 28.Bd3 Nd5 29.Nxe4  1-0

[Event "Stare Mesto FIDE Open"]
[Site "Stare Mesto CZE"]
[Date "2011.08.12"]
[Round "1.12"]
[White "Zpevakova,J"]
[Black "Lechtynsky,J"]
[Result "0-1"]
[WhiteElo "1825"]
[BlackElo "2349"]

1.e4 c5 2.c3 Nf6 3.e5 Nd5 4.d4 cxd4 5.Nf3 e6 6.cxd4 d6 7.Bd3 Nc6 8.O-O Be7
9.Nbd2 dxe5 10.Nxe5 Nxe5 11.dxe5 O-O 12.Ne4 Qc7 13.f4 Bd7 14.Rf3 g6 15.Rh3 Bb5
16.Bb1 Rfd8 17.Qe1 Rac8 18.Bd2 Qc4 19.a3 Qd4+ 20.Kh1 Qxb2 21.Ba2 Bc4 22.Bxc4 Rxc4
23.Rb1 Qc2 24.Ng5 Bxg5 25.fxg5 Re4  0-1

[Event "Stare Mesto FIDE Open"]
[Site "Stare Mesto CZE"]
[Date "2011.08.12"]
[Round "1.1"]
[White "Kislinsky,A"]
[Black "Marikova,J"]
[Result "1-0"]
[WhiteElo "2521"]
[BlackElo "1897"]

1.e4 c5 2.c3 Nf6 3.e5 Nd5 4.Nf3 Nc6 5.d4 cxd4 6.Bc4 Nb6 7.Bb3 e6 8.cxd4 d6
9.Qe2 Be7 10.O-O O-O 11.Nc3 a6 12.Qe4 d5 13.Qg4 f5 14.Qg3 Kh8 15.Ne2 Bd7
16.h4 Na5 17.Nf4 Qe8 18.Ng5 Bxg5 19.hxg5 g6 20.Bd2 Nxb3 21.axb3 Bb5 22.Rfe1 Qf7
23.Re3 Rac8 24.Qh4 Rfe8 25.Rh3 Nd7 26.Qg3 Nb8 27.Rh6 Rg8 28.Qh3 Rg7 29.Bb4 Nc6
30.Rc1 Re8 31.Bc5 Ne7 32.Rc3 Ng8 33.Rh4 Bc6 34.Qh2 Rc8 35.Bd6 Rd8 36.Rch3 Re8
37.Qg3 Ne7 38.Qc3 Nc8 39.Bc5 Ne7 40.Qb4 Bb5 41.Bxe7 Rxe7 42.Qd6 Re8 43.Qc5 Bc6
44.Qc2 Rc8 45.g4 Bd7 46.Qb1 Rf8 47.Kh2 Kg8 48.gxf5 Qxf5 49.Qxf5 Rxf5 50.Rg4 Rgf7
51.Kg3 Kf8 52.Rh1 Ke7 53.Rc1 Bc6 54.Rc3 Kd7 55.Nh3 Bb5 56.f4 Re7 57.Rh4 Rff7
58.Nf2 Be2 59.Rh2 Bh5 60.Nd3 Kd8 61.Nc5 Bd1 62.Rd2 Bh5 63.Rdc2 Bd1 64.Rc1 Be2
65.Nxe6+  1-0

[Event "e2e4 Int Masters A"]
[Site "Sunningdale ENG"]
[Date "2011.08.12"]
[Round "5"]
[White "Bhatia,K"]
[Black "Christensen,Es"]
[Result "1/2-1/2"]
[WhiteElo "2108"]
[BlackElo "2053"]

1.e4 c5 2.c3 Nf6 3.e5 Nd5 4.d4 cxd4 5.Nf3 b6 6.cxd4 e6 7.Bd3 Bb7 8.O-O d6
9.Nbd2 Be7 10.Ne4 dxe5  1/2-1/2

[Event "10th Lichtenberger Sommer"]
[Site "Berlin GER"]
[Date "2011.08.13"]
[Round "1.62"]
[White "Lagunov,El"]
[Black "Mertens,Fri"]
[Result "0-1"]
[WhiteElo "1713"]
[BlackElo "1993"]

1.e4 c5 2.c3 Nf6 3.e5 Nd5 4.d4 d6 5.Nf3 e6 6.Be2 Nc6 7.O-O Qc7 8.exd6 Bxd6
9.Be3 cxd4 10.cxd4 O-O 11.Nc3 a6 12.Nxd5 exd5 13.Qb3 Be6 14.Ng5 Bxh2+ 15.Kh1 Bf4
16.Rad1 h6 17.Nxe6 fxe6 18.Bg4 Rae8 19.Rfe1 Rf6 20.f3 Bg3 21.Re2 Na5 22.Qa4 b5
23.Qa3 Qb6 24.b3 Bb8 25.Rc1 Qd8 26.Bd2 Nb7 27.Qxa6 Nd6 28.Be1 Nf5 29.Bxf5 Rxf5
30.Qxb5 Ref8 31.Qc6 Qg5 32.Qxe6+ Kh8 33.Bd2 Qh5+ 34.Kg1 Qh2+ 35.Kf2 Rxf3+  0-1